[Event "NAYCC U10 w"]
[Site "Toronto CAN"]
[Date "2013.08.07"]
[Round "7"]
[White "Zhang, Jeannie"]
[Black "Zhao, Chenyi"]
[Result "1-0"]
[WhiteElo "1468"]
[BlackElo "1539"]
[PlyCount "179"]
[GameId "2160767909267211"]
[EventDate "2013.08.14"]
[EventType "swiss"]
[EventRounds "9"]
[EventCountry "CAN"]
[SourceTitle "hb 2013"]

1. e4 c5 2. Nc3 Nc6 3. f4 g6 4. Nf3 Bg7 5. Bc4 e6 6. Bb5 Nd4 7. Bc4 d6 8. d3 Ne7 9. O-O O-O 10. Nxd4 cxd4 11. Ne2 d5 12. Bb3 dxe4 13. dxe4 Qb6 14. Kh1 e5 15. Ng3 exf4 16. Bxf4 Be6 17. Qd2 Bxb3 18. axb3 Rad8 19. Rf3 a6 20. Bh6 Qc5 21. Bxg7 Kxg7 22. Raf1 Rd6 23. e5 Re6 24. Ne4 Qxe5 25. Nf6 Qd6 26. Qg5 h6 27. Qg4 Qe5 28. Nd7 Qd5 29. Nxf8 Kxf8 30. Rxf7+ Ke8 31. Rf8+ Kd7 32. R8f6 Nf5 33. Qxg6 Rxf6 34. Qxf6 Ne3 35. Qg7+ Kc6 36. Rf2 Kc5 37. Qf8+ Kb6 38. Qxh6+ Ka7 39. Qf4 Qc5 40. Qe4 Nd1 41. Rd2 Nxb2 42. Qxd4 Qxd4 43. Rxd4 Kb6 44. Kg1 Kc5 45. Rd8 b5 46. Kf2 a5 47. Ke2 a4 48. bxa4 bxa4 49. Kd2 a3 50. Kc1 Kc4 51. Kb1 Kc3 52. Ka2 Kb4 53. c3+ Kxc3 54. Kxa3 Nc4+ 55. Ka4 Ne3 56. g3 Nf1 57. Rc8+ Kd4 58. Rd8+ Ke5 59. Re8+ Kd6 60. Re2 Kd5 61. Kb3 Kd4 62. Kc2 Ne3+ 63. Kd2 Ng4 64. Ke1 Kd3 65. Kf1 Ne3+ 66. Kf2 Nd1+ 67. Kf3 Nc3 68. Re3+ Kd4 69. Rxc3 Kxc3 70. Ke4 Kc4 71. g4 Kc5 72. Ke5 Kc6 73. h4 Kd7 74. Kf6 Ke8 75. g5 Kf8 76. g6 Ke8 77. g7 Kd7 78. g8=Q Kd6 79. Qd8+ Kc5 80. Qd7 Kc4 81. Qd6 Kc3 82. Qd5 Kc2 83. Qd4 Kb3 84. Qc5 Kb2 85. Qc7 Ka3 86. Qb6 Ka2 87. Ke5 Ka3 88. Kd4 Ka2 89. Kc3 Ka1 90. Qb2# 1-0

[Event "NAYCC U10 w"]
[Site "Toronto CAN"]
[Date "2013.08.16"]
[Round "7"]
[White "Qiao, Cindy"]
[Black "Samadashvili, Martha"]
[Result "0-1"]
[WhiteElo "1110"]
[BlackElo "1651"]
[PlyCount "84"]
[GameId "2160767909267212"]
[EventDate "2013.08.14"]
[EventType "swiss"]
[EventRounds "9"]
[EventCountry "CAN"]
[SourceTitle "hb 2013"]

1. e4 c5 2. Nf3 Nc6 3. d4 cxd4 4. Nxd4 e5 5. Nf3 Nf6 6. Nc3 Bb4 7. Bg5 Bxc3+ 8. bxc3 Qa5 9. Bxf6 Qxc3+ 10. Nd2 gxf6 11. Bb5 Rg8 12. O-O Qh3 13. g3 Ne7 14. Qf3 a6 15. Ba4 b5 16. Bb3 Qh6 17. Rad1 d6 18. Qe3 Qh3 19. c3 Ng6 20. f3 Nf4 21. Rf2 Qh5 22. Kf1 Bh3+ 23. Ke1 Ng2+ 24. Rxg2 Bxg2 25. Qf2 Qxh2 26. Nf1 Qh3 27. Ke2 Bxf1+ 28. Rxf1 Qxg3 29. Qxg3 Rxg3 30. f4 Ra7 31. fxe5 fxe5 32. Rf6 Rxc3 33. Rxd6 Ke7 34. Rh6 a5 35. Rxh7 Kf8 36. Rh5 a4 37. Bd5 b4 38. Rxe5 b3 39. axb3 axb3 40. Bxb3 Rxb3 41. Rf5 Ra2+ 42. Kf1 Rb1# 0-1

[Event "NAYCC U10 w"]
[Site "Toronto CAN"]
[Date "2013.08.17"]
[Round "7"]
[White "Chen, Carol"]
[Black "Kathirkamar, Janani"]
[Result "1-0"]
[WhiteElo "1118"]
[BlackElo "973"]
[PlyCount "135"]
[GameId "2160767909267213"]
[EventDate "2013.08.14"]
[EventType "swiss"]
[EventRounds "9"]
[EventCountry "CAN"]
[SourceTitle "hb 2013"]

1. d4 d5 2. e3 Nf6 3. Bd3 e6 4. f4 Bd6 5. Nf3 O-O 6. Nbd2 c6 7. O-O Nbd7 8. Ne5 Ne4 9. Nxe4 dxe4 10. Bxe4 f6 11. Nxd7 Qxd7 12. Qh5 f5 13. Bd3 b6 14. g4 Bb7 15. Rf3 c5 16. Rh3 g6 17. Qh4 Rf7 18. Be2 cxd4 19. exd4 Be7 20. Qf2 Raf8 21. g5 Qa4 22. c3 Qc2 23. Bf3 Qd3 24. Qf1 Qxf1+ 25. Kxf1 Bxf3 26. Rxf3 Rc8 27. Re3 Rc6 28. Bd2 Rf8 29. Rae1 Kf7 30. d5 Rd6 31. Rxe6 Rd7 32. c4 Re8 33. Bb4 Bxb4 34. Rxe8 Bxe1 35. Rxe1 Re7 36. Rxe7+ Kxe7 37. Ke2 Kd6 38. Kd3 Kc5 39. b3 b5 40. d6 Kxd6 41. Kd4 Kc6 42. cxb5+ Kxb5 43. Ke5 a5 44. Kf6 Kb4 45. Kg7 Ka3 46. Kxh7 Kxa2 47. Kxg6 Kxb3 48. Kf6 a4 49. g6 a3 50. g7 Kb2 51. g8=Q a2 52. Qxa2+ Kxa2 53. h4 Kb3 54. h5 Ka2 55. h6 Ka3 56. h7 Ka2 57. h8=Q Ka3 58. Qb8 Ka4 59. Qb6 Ka3 60. Qb5 Ka2 61. Qb4 Ka1 62. Kxf5 Ka2 63. Ke6 Ka1 64. f5 Ka2 65. f6 Ka1 66. f7 Ka2 67. f8=Q Ka1 68. Qa8# 1-0

[Event "NAYCC U10 w"]
[Site "Toronto CAN"]
[Date "2013.08.17"]
[Round "7"]
[White "Chertkow, Sasha"]
[Black "Zhang, Taylor"]
[Result "0-1"]
[WhiteElo "956"]
[BlackElo "1387"]
[PlyCount "70"]
[GameId "2160767909267214"]
[EventDate "2013.08.14"]
[EventType "swiss"]
[EventRounds "9"]
[EventCountry "CAN"]
[SourceTitle "hb 2013"]

1. e4 e6 2. d3 d5 3. Nd2 c5 4. Ngf3 Nc6 5. Be2 Bd7 6. O-O Bd6 7. Re1 Nge7 8. b3 O-O 9. Bb2 Ng6 10. Bf1 Qc7 11. g3 f5 12. Bg2 f4 13. g4 Nce5 14. d4 Nxg4 15. h3 Nh6 16. e5 Be7 17. c4 Bc6 18. dxc5 Bxc5 19. Ng5 Qe7 20. Ndf3 Nh4 21. a3 Nxg2 22. Kxg2 dxc4 23. bxc4 Rad8 24. Qe2 Nf5 25. Kh2 Nh4 26. Rg1 Nxf3+ 27. Nxf3 Bxf3 28. Qxf3 Rd2 29. Bd4 Bxd4 30. Qe4 Qh4 31. Raf1 Bxf2 32. Rg2 Be3 33. Rxd2 Qg3+ 34. Kh1 Qxh3+ 35. Rh2 Qxf1# 0-1

[Event "NAYCC U10 w"]
[Site "Toronto CAN"]
[Date "2013.08.17"]
[Round "7"]
[White "Garai, Antara"]
[Black "Vittal, Sanjana"]
[Result "0-1"]
[WhiteElo "1523"]
[BlackElo "1511"]
[PlyCount "104"]
[GameId "2160767909267215"]
[EventDate "2013.08.14"]
[EventType "swiss"]
[EventRounds "9"]
[EventCountry "CAN"]
[SourceTitle "hb 2013"]

1. e4 e5 2. Nf3 Nc6 3. Bb5 a6 4. Ba4 Nf6 5. O-O b5 6. Bb3 Bc5 7. Re1 d6 8. h3 Na5 9. c3 Nxb3 10. axb3 O-O 11. d4 exd4 12. cxd4 Bb6 13. Bg5 Bb7 14. Nbd2 h6 15. Bh4 Re8 16. e5 Bxf3 17. Nxf3 dxe5 18. Nxe5 Bxd4 19. Nc6 Rxe1+ 20. Qxe1 Qd6 21. Nxd4 Qxd4 22. Bxf6 Qxf6 23. Qc3 Qxc3 24. bxc3 a5 25. Kf1 Kf8 26. Ke2 Ke7 27. Kd3 Kd6 28. b4 a4 29. c4 c6 30. Kd4 a3 31. c5+ Ke6 32. g4 a2 33. Ke4 Ra4 34. Kf3 Kd5 35. Ke2 Kc4 36. Kd2 Kb3 37. Kc1 Rxb4 38. f3 Rc4+ 39. Kd2 Kb2 40. Re1 a1=Q 41. Rxa1 Kxa1 42. Ke3 b4 43. Kd3 Rxc5 44. Kd4 Rc1 45. Kd3 b3 46. Kd2 Rc3 47. f4 b2 48. f5 b1=Q 49. f6 gxf6 50. g5 Qb3 51. gxh6 Rc2+ 52. Kd1 Qb1# 0-1

[Event "NAYCC U10 w"]
[Site "Toronto CAN"]
[Date "2013.08.17"]
[Round "7"]
[White "Male-Pathiranage, Thisandi"]
[Black "Tsypin, Allison"]
[Result "0-1"]
[WhiteElo "924"]
[BlackElo "1139"]
[PlyCount "44"]
[GameId "2160767909267216"]
[EventDate "2013.08.14"]
[EventType "swiss"]
[EventRounds "9"]
[EventCountry "CAN"]
[SourceTitle "hb 2013"]

1. e4 c5 2. Nf3 d6 3. Nc3 Nf6 4. d3 g6 5. Bf4 Bg7 6. d4 cxd4 7. Nxd4 e5 8. Qd2 exf4 9. Rd1 O-O 10. Qxf4 Nh5 11. Qe3 f5 12. Bc4+ Kh8 13. Ndb5 f4 14. Qc1 Nc6 15. Nxd6 Qf6 16. h4 f3 17. gxf3 Qxf3 18. Nf7+ Rxf7 19. Bxf7 Qxh1+ 20. Ke2 Bg4+ 21. f3 Qxf3+ 22. Kd2 Bh6+ 0-1

[Event "NAYCC U10 w"]
[Site "Toronto CAN"]
[Date "2013.08.17"]
[Round "7"]
[White "Rajsic, Charlotte"]
[Black "Henry, Nadia"]
[Result "0-1"]
[WhiteElo "761"]
[BlackElo "1009"]
[PlyCount "146"]
[GameId "2160767909267217"]
[EventDate "2013.08.14"]
[EventType "swiss"]
[EventRounds "9"]
[EventCountry "CAN"]
[SourceTitle "hb 2013"]

1. Nf3 d5 2. g3 Nf6 3. Bg2 Nc6 4. O-O e5 5. e3 Bd6 6. Nc3 O-O 7. d4 exd4 8. exd4 h6 9. Re1 Be6 10. Bd2 Re8 11. Re3 Bg4 12. h3 Bh5 13. Nb5 a6 14. g4 axb5 15. gxh5 Nxh5 16. Rxe8+ Qxe8 17. Ng5 Nf6 18. Nf3 Rd8 19. c3 Rd7 20. Qc2 Re7 21. b4 Re2 22. Re1 Rxe1+ 23. Bxe1 Nd8 24. Bd2 Qe2 25. a3 Bf4 26. Bh1 Ne4 27. Qb3 Nxd2 28. Nxd2 Bxd2 29. Qxd5 Qe8 30. Be4 c6 31. Qf5 g6 32. Qg4 f5 33. Bxf5 g5 34. h4 Nf7 35. Be6 Kh8 36. h5 Bxc3 37. d5 cxd5 38. Bxd5 Bg7 39. Qf5 Ne5 40. Bxb7 Qf7 41. Qxf7 Nxf7 42. Bc6 Nd6 43. Kg2 Bb2 44. a4 bxa4 45. Bxa4 Kg7 46. Kg3 Ba3 47. b5 Bc5 48. f4 gxf4+ 49. Kxf4 Kf6 50. Kg4 Bf2 51. Bc2 Nc4 52. Bg6 Be1 53. Bf5 Ne3+ 54. Kf4 Nxf5 55. b6 Bf2 56. b7 Ba7 57. Kg4 Nd6 58. Kh4 Nxb7 59. Kg4 Bf2 60. Kf3 Kg5 61. Kxf2 Kxh5 62. Kg1 Kg5 63. Kh1 Nc5 64. Kg1 Ne4 65. Kh1 Ng3+ 66. Kh2 Kg4 67. Kg2 h5 68. Kh2 h4 69. Kg2 h3+ 70. Kh2 Ne4 71. Kh1 Kg3 72. Kg1 Nf2 73. Kf1 h2 0-1

[Event "NAYCC U10 w"]
[Site "Toronto CAN"]
[Date "2013.08.17"]
[Round "7"]
[White "Salazar Gould, Melannie"]
[Black "Bhanji, Zaynah"]
[Result "1-0"]
[WhiteElo "1600"]
[BlackElo "200"]
[PlyCount "119"]
[GameId "2160767909267218"]
[EventDate "2013.08.14"]
[EventType "swiss"]
[EventRounds "9"]
[EventCountry "CAN"]
[SourceTitle "EXT 2022"]
[Source "ChessBase"]
[SourceDate "2021.10.06"]
[SourceVersion "1"]
[SourceVersionDate "2021.10.06"]
[SourceQuality "1"]

1. e4 e5 2. Nf3 Nc6 3. d4 exd4 4. Bc4 Bc5 5. c3 Nf6 6. O-O O-O 7. Bg5 h6 8. Bh4 d6 9. cxd4 Nxd4 10. Nxd4 Bg4 11. Qd3 Bxd4 12. Qxd4 Qe7 13. Bxf6 Qxf6 14. Qxf6 gxf6 15. Nc3 Rfe8 16. Nd5 Kg7 17. Rfe1 Re5 18. Rac1 c6 19. Ne3 Rxe4 20. Nxg4 Rxg4 21. Re7 d5 22. Bd3 Rd4 23. Rd1 c5 24. Rxb7 c4 25. Bc2 Rxd1+ 26. Bxd1 Re8 27. Kf1 d4 28. Bh5 d3 29. Rxf7+ Kg8 30. Rg7+ Kxg7 31. Bxe8 Kf8 32. Bb5 d2 33. Ke2 a5 34. Kxd2 Ke7 35. Kc3 Ke6 36. Kxc4 f5 37. Kc5 Ke5 38. Kb6 h5 39. Kxa5 h4 40. Kb6 f4 41. Bc6 Kf5 42. a4 Kg4 43. a5 h3 44. gxh3+ Kxh3 45. a6 Kxh2 46. a7 f3 47. Bxf3 Kg1 48. a8=Q Kxf2 49. Qe4 Kg3 50. Qg6+ Kxf3 51. Kc5 Kf4 52. Qf6+ Kg3 53. Qf5 Kh4 54. Qg6 Kh3 55. Kd5 Kh2 56. Qg4 Kh1 57. Ke4 Kh2 58. Kf3 Kh1 59. Kf2 Kh2 60. Qg2# 1-0

[Event "NAYCC U10 w"]
[Site "Toronto CAN"]
[Date "2013.08.18"]
[Round "8"]
[White "Garai, Antara"]
[Black "Qiao, Cindy"]
[Result "1-0"]
[WhiteElo "1523"]
[BlackElo "1110"]
[PlyCount "73"]
[GameId "2160767909267219"]
[EventDate "2013.08.14"]
[EventType "swiss"]
[EventRounds "9"]
[EventCountry "CAN"]
[SourceTitle "EXT 2022"]
[Source "ChessBase"]
[SourceDate "2021.10.06"]
[SourceVersion "1"]
[SourceVersionDate "2021.10.06"]
[SourceQuality "1"]

1. e4 e5 2. Nf3 Nc6 3. Bb5 Nf6 4. O-O Bc5 5. c3 a6 6. Ba4 d6 7. d4 exd4 8. cxd4 Bxd4 9. Nxd4 Bd7 10. Nxc6 Bxc6 11. Bxc6+ bxc6 12. Nc3 O-O 13. Bg5 h6 14. Bh4 Re8 15. Re1 Rb8 16. b3 Qe7 17. Rc1 Qe5 18. Bg3 Qa5 19. Qc2 Rb4 20. Bh4 Nd7 21. Bg3 Nf6 22. f3 Qg5 23. f4 Qc5+ 24. Bf2 Qa5 25. Qb2 Nxe4 26. a3 Rbb8 27. Rxe4 Rxe4 28. Nxe4 Qf5 29. Ng3 Qxf4 30. Rxc6 Rb7 31. Rxa6 Qg4 32. Ra8+ Rb8 33. Rxb8+ Qc8 34. Rxc8+ Kh7 35. Qc2+ g6 36. Bd4 h5 37. Rh8# 1-0

[Event "NAYCC U10 w"]
[Site "Toronto CAN"]
[Date "2013.08.18"]
[Round "8"]
[White "Henry, Nadia"]
[Black "Chertkow, Sasha"]
[Result "1/2-1/2"]
[WhiteElo "1009"]
[BlackElo "956"]
[PlyCount "69"]
[GameId "2160767909267220"]
[EventDate "2013.08.14"]
[EventType "swiss"]
[EventRounds "9"]
[EventCountry "CAN"]
[SourceTitle "EXT 2022"]
[Source "ChessBase"]
[SourceDate "2021.10.06"]
[SourceVersion "1"]
[SourceVersionDate "2021.10.06"]
[SourceQuality "1"]

1. e4 e5 2. Nf3 Nc6 3. Bb5 a6 4. Ba4 Nf6 5. d3 Bc5 6. O-O O-O 7. c3 d6 8. h3 h6 9. Re1 Bd7 10. Be3 Bxe3 11. Rxe3 Re8 12. Qe2 b5 13. Bc2 Re7 14. d4 exd4 15. cxd4 Qe8 16. Nc3 b4 17. Nd5 Nxd5 18. exd5 Rxe3 19. Qxe3 Qxe3 20. fxe3 Ne7 21. e4 f6 22. Re1 f5 23. Bb3 Ng6 24. e5 Re8 25. e6 Bc8 26. Bc2 Ne7 27. Nh4 g6 28. Re3 Nxd5 29. Re1 Rxe6 30. Rxe6 Bxe6 31. Nxg6 Kg7 32. Nh4 Kf6 33. Bd3 a5 34. Bc4 c5 35. Nf3 1/2-1/2

[Event "NAYCC U10 w"]
[Site "Toronto CAN"]
[Date "2013.08.18"]
[Round "8"]
[White "Kathirkamar, Janani"]
[Black "Bhanji, Zaynah"]
[Result "1-0"]
[WhiteElo "973"]
[BlackElo "200"]
[PlyCount "111"]
[GameId "2160767909267221"]
[EventDate "2013.08.14"]
[EventType "swiss"]
[EventRounds "9"]
[EventCountry "CAN"]
[SourceTitle "EXT 2022"]
[Source "ChessBase"]
[SourceDate "2021.10.06"]
[SourceVersion "1"]
[SourceVersionDate "2021.10.06"]
[SourceQuality "1"]

1. e4 e5 2. Nf3 Nc6 3. Nc3 Nf6 4. Bb5 Bb4 5. d3 h6 6. O-O d6 7. Nd5 Bg4 8. Nxb4 O-O 9. Nxc6 bxc6 10. Bxc6 Rb8 11. Qe2 Qe7 12. Qe3 Rb6 13. Ba4 Rfb8 14. Nh4 d5 15. Nf5 Bxf5 16. exf5 d4 17. Qg3 e4 18. Bxh6 Qf8 19. Bd2 exd3 20. Qxd3 Rd6 21. a3 Qe7 22. Bb4 Rxb4 23. axb4 Qe4 24. Qxe4 Nxe4 25. Rfd1 g6 26. fxg6 fxg6 27. Bb3+ Kg7 28. Rxa7 Rd7 29. c3 d3 30. f3 Nf6 31. Bc4 c6 32. Rxd7+ Nxd7 33. Rxd3 Ne5 34. Rd4 Kf6 35. f4 Nxc4 36. Rxc4 Kf5 37. g3 g5 38. fxg5 Kxg5 39. Rxc6 Kf5 40. b5 Ke5 41. Re6+ Kxe6 42. b6 Kd7 43. c4 Kc6 44. c5 Kb7 45. h4 Kc6 46. h5 Kxc5 47. b7 Kd4 48. b8=Q Ke4 49. h6 Kd5 50. h7 Ke4 51. h8=R Kd4 52. Re8 Kd3 53. Qb4 Kc2 54. Qc3+ Kb1 55. Re1+ Ka2 56. Qa3# 1-0

[Event "NAYCC U10 w"]
[Site "Toronto CAN"]
[Date "2013.08.18"]
[Round "8"]
[White "Male-Pathiranage, Thisandi"]
[Black "Rajsic, Charlotte"]
[Result "1/2-1/2"]
[WhiteElo "924"]
[BlackElo "761"]
[PlyCount "151"]
[GameId "2160767909267222"]
[EventDate "2013.08.14"]
[EventType "swiss"]
[EventRounds "9"]
[EventCountry "CAN"]
[SourceTitle "EXT 2022"]
[Source "ChessBase"]
[SourceDate "2021.10.06"]
[SourceVersion "1"]
[SourceVersionDate "2021.10.06"]
[SourceQuality "1"]

1. e4 c5 2. d3 Nc6 3. Nc3 d6 4. Bg5 h6 5. Qh5 Nf6 6. Qh4 Bd7 7. Bxf6 exf6 8. d4 Nxd4 9. Rc1 Qb6 10. b3 O-O-O 11. g3 Qb4 12. Kd1 Qxc3 13. Bh3 Bxh3 14. Qxh3+ Kb8 15. g4 Qxh3 16. Nxh3 Be7 17. Ra1 d5 18. c3 Nb5 19. Nf4 Nxc3+ 20. Kc1 Nxe4 21. Rd1 d4 22. f3 Nc3 23. Re1 Bd6 24. Ne6 fxe6 25. Rxe6 Bf4+ 26. Kb2 Bxh2 27. Rae1 d3 28. Re7 a6 29. Kxc3 Be5+ 30. Kc4 d2 31. Rd1 g5 32. b4 Rhe8 33. Rxe8 Rxe8 34. Rxd2 Bf4 35. Rd5 cxb4 36. Kxb4 Kc7 37. Rc5+ Kd7 38. Rd5+ Bd6+ 39. Ka5 Kc6 40. Rd4 Bc7+ 41. Kb4 Bb6 42. Rc4+ Bc5+ 43. Rxc5+ Kb6 44. a4 a5+ 45. Rxa5 Re3 46. Rb5+ Ka6 47. Ra5+ Kb6 48. Rb5+ Ka6 49. a5 Rxf3 50. Rb6+ Ka7 51. Kb5 f5 52. Rxh6 Rb3+ 53. Ka4 Rf3 54. gxf5 Rxf5 55. Rh5 Rf4+ 56. Kb5 Rf5+ 57. Kb4 Rf4+ 58. Kb5 Rf5+ 59. Kb4 Rf4+ 60. Kc5 Rf5+ 61. Kb4 Rf4+ 62. Kc3 b6 63. Rxg5 bxa5 64. Rxa5+ Kb6 65. Ra8 Kb7 66. Rh8 Rf3+ 67. Kc4 Rf4+ 68. Kd3 Rf3+ 69. Ke4 Rf7 70. Re8 Rc7 71. Kd5 Rc8 72. Re7+ Rc7 73. Re6 Rc8 74. Kd6 Rc6+ 75. Ke7 Rxe6+ 76. Kxe6 1/2-1/2

[Event "NAYCC U10 w"]
[Site "Toronto CAN"]
[Date "2013.08.18"]
[Round "8"]
[White "Samadashvili, Martha"]
[Black "Salazar Gould, Melannie"]
[Result "1-0"]
[WhiteElo "1651"]
[BlackElo "1600"]
[PlyCount "113"]
[GameId "2160767909267223"]
[EventDate "2013.08.14"]
[EventType "swiss"]
[EventRounds "9"]
[EventCountry "CAN"]
[SourceTitle "EXT 2022"]
[Source "ChessBase"]
[SourceDate "2021.10.06"]
[SourceVersion "1"]
[SourceVersionDate "2021.10.06"]
[SourceQuality "1"]

1. e4 e6 2. d4 d5 3. e5 c5 4. c3 Nc6 5. Nf3 Qb6 6. a3 c4 7. Nbd2 h6 8. h4 Nge7 9. Bxc4 Nf5 10. Bd3 Be7 11. g4 Nfxd4 12. cxd4 Nxd4 13. Nxd4 Qxd4 14. Bb5+ Bd7 15. Bxd7+ Kxd7 16. Qe2 a6 17. Rg1 Bxh4 18. Nf3 Bxf2+ 19. Qxf2 Qxf2+ 20. Kxf2 Rac8 21. Nd4 Rhf8 22. Bd2 f6 23. Bb4 Rf7 24. exf6 Rxf6+ 25. Kg3 Rg6 26. Raf1 Kc7 27. Rc1+ Kd7 28. Rxc8 Kxc8 29. Kh4 e5 30. Nf5 Rb6 31. Nxg7 Kd7 32. Re1 e4 33. Rd1 Kc6 34. Nf5 a5 35. Ne7+ Kd7 36. Nxd5 Rb5 37. Nc3+ Kc6 38. Nxb5 Kxb5 39. Bf8 Kc4 40. Bxh6 Kb5 41. Rd2 Kc4 42. g5 e3 43. g6 e2 44. Rxe2 Kd3 45. g7 Kxe2 46. g8=Q Kd3 47. Qd5+ Kc2 48. Qxb7 Kd3 49. Kg3 a4 50. Kf3 Kd4 51. Bg7+ Kc4 52. Ke4 Kc5 53. Qd5+ Kb6 54. Be5 Ka6 55. Qc6+ Ka7 56. Qb5 Ka8 57. Qb8# 1-0

[Event "NAYCC U10 w"]
[Site "Toronto CAN"]
[Date "2013.08.18"]
[Round "8"]
[White "Tsypin, Allison"]
[Black "Kao, Simona"]
[Result "1-0"]
[WhiteElo "1139"]
[BlackElo "1085"]
[PlyCount "139"]
[GameId "2160767909267224"]
[EventDate "2013.08.14"]
[EventType "swiss"]
[EventRounds "9"]
[EventCountry "CAN"]
[SourceTitle "EXT 2022"]
[Source "ChessBase"]
[SourceDate "2021.10.06"]
[SourceVersion "1"]
[SourceVersionDate "2021.10.06"]
[SourceQuality "1"]

1. d4 d5 2. c4 c6 3. Nc3 Nf6 4. Nf3 Bg4 5. Bg5 Nbd7 6. e3 e6 7. Be2 Be7 8. O-O O-O 9. Rb1 a6 10. a4 dxc4 11. Bxc4 b5 12. axb5 axb5 13. Bd3 b4 14. Ne4 Nxe4 15. Bxe7 Qxe7 16. Bxe4 Rac8 17. Qc2 g6 18. Rbc1 c5 19. Qb3 cxd4 20. Nxd4 e5 21. Nc6 Qe6 22. Qxe6 Bxe6 23. Ne7+ Kg7 24. Rxc8 Rxc8 25. Nxc8 Nf6 26. Nd6 Nxe4 27. Nxe4 f5 28. Nc5 Bg8 29. Nd3 b3 30. Nxe5 Kf6 31. Nc6 Ke6 32. Nd4+ Ke5 33. Rc1 Ke4 34. Rc3 Ke5 35. Nxb3 h5 36. Nd4 Kd5 37. b4 Ke5 38. b5 Bd5 39. Rc5 Kd6 40. Rxd5+ Kxd5 41. b6 Kd6 42. Nxf5+ gxf5 43. f3 Kc6 44. e4 fxe4 45. fxe4 Kxb6 46. Kf2 Kc6 47. Kf3 Kd6 48. Kf4 Ke6 49. h3 Kf6 50. g4 hxg4 51. hxg4 Ke6 52. Kg5 Ke5 53. Kh6 Kf6 54. Kh7 Kg5 55. e5 Kxg4 56. e6 Kf5 57. e7 Ke5 58. e8=Q+ Kd4 59. Kg6 Kd5 60. Kf6 Kd4 61. Kf5 Kd5 62. Qd8+ Kc6 63. Ke5 Kc5 64. Qd5+ Kb4 65. Qc6 Ka5 66. Qb7 Ka4 67. Kd4 Ka3 68. Kc4 Ka2 69. Kc3 Ka3 70. Qb3# 1-0

[Event "NAYCC U10 w"]
[Site "Toronto CAN"]
[Date "2013.08.18"]
[Round "8"]
[White "Vittal, Sanjana"]
[Black "Zhang, Jeannie"]
[Result "0-1"]
[WhiteElo "1511"]
[BlackElo "1468"]
[PlyCount "146"]
[GameId "2160767909267225"]
[EventDate "2013.08.14"]
[EventType "swiss"]
[EventRounds "9"]
[EventCountry "CAN"]
[SourceTitle "EXT 2022"]
[Source "ChessBase"]
[SourceDate "2021.10.06"]
[SourceVersion "1"]
[SourceVersionDate "2021.10.06"]
[SourceQuality "1"]

1. e4 c5 2. Nf3 Nc6 3. d4 cxd4 4. Nxd4 Qb6 5. Nb3 Nf6 6. Nc3 e6 7. Be3 Qc7 8. a3 Be7 9. Be2 O-O 10. O-O a6 11. f4 b5 12. Qe1 d6 13. Qg3 Re8 14. Bf3 Bb7 15. e5 dxe5 16. fxe5 Nd7 17. Bh6 Bf8 18. Rae1 Ncxe5 19. Bxb7 Qxb7 20. Ne4 Ng6 21. Bd2 Rac8 22. Qf3 Nc5 23. Nbxc5 Bxc5+ 24. Kh1 Qd7 25. Rd1 Bf8 26. Be3 Qc7 27. c3 f6 28. Bh6 f5 29. Nf6+ gxf6 30. Bf4 Nxf4 31. Qg3+ Ng6 32. Qf3 Bd6 33. h3 Be5 34. Rd2 Red8 35. Rc2 Qc4 36. b3 Qd3 37. Qxd3 Rxd3 38. c4 bxc4 39. bxc4 Rc3 40. Rfc1 Rxc2 41. Rxc2 Bd6 42. a4 e5 43. Kg1 Kf7 44. Kf2 Ke6 45. Ke3 Bc5+ 46. Kd3 e4+ 47. Kc3 Ne5 48. Re2 Nd3 49. g4 Ke5 50. a5 Bb4+ 51. Kb3 Bxa5 52. Rc2 Bb4 53. gxf5 Kxf5 54. Ka4 Ke5 55. Kb3 Kd4 56. Ka4 Rxc4 57. Rxc4+ Kxc4 58. h4 Kd5 59. h5 f5 60. h6 Bd2 61. Kb3 Bxh6 62. Kc2 f4 63. Kd2 Kd4 64. Kd1 Bg5 65. Ke2 h5 66. Kd1 h4 67. Ke2 h3 68. Kf1 e3 69. Ke2 h2 70. Kd1 h1=Q+ 71. Kc2 Qc1+ 72. Kb3 Qc4+ 73. Ka3 Be7# 0-1

[Event "NAYCC U10 w"]
[Site "Toronto CAN"]
[Date "2013.08.18"]
[Round "8"]
[White "Zhang, Taylor"]
[Black "Chen, Carol"]
[Result "0-1"]
[WhiteElo "1387"]
[BlackElo "1118"]
[PlyCount "140"]
[GameId "2160767909267226"]
[EventDate "2013.08.14"]
[EventType "swiss"]
[EventRounds "9"]
[EventCountry "CAN"]
[SourceTitle "EXT 2022"]
[Source "ChessBase"]
[SourceDate "2021.10.06"]
[SourceVersion "1"]
[SourceVersionDate "2021.10.06"]
[SourceQuality "1"]

1. e4 d6 2. d4 Nf6 3. Nc3 g6 4. Nf3 Bg7 5. h3 O-O 6. Be3 Nc6 7. Qd2 e5 8. d5 Ne7 9. O-O-O a6 10. Bc4 b5 11. Bb3 b4 12. Ne2 a5 13. Ba4 Nxe4 14. Qd3 Nf6 15. Qc4 Bb7 16. Bc6 Nxc6 17. dxc6 Ba6 18. Qb3 Bxe2 19. Rd2 Bxf3 20. gxf3 Qe8 21. Qc4 Qe6 22. Qxe6 fxe6 23. h4 Nd5 24. h5 gxh5 25. Rxh5 Nxe3 26. fxe3 Rxf3 27. Rg2 Raf8 28. b3 R8f6 29. Rhg5 Rg6 30. Rxg6 hxg6 31. Rxg6 Rxe3 32. Rxe6 Rc3 33. Re8+ Kh7 34. Ra8 Rc5 35. Ra7 Rxc6 36. Rxa5 Rc5 37. Ra7 e4 38. Kd2 Bh6+ 39. Kd1 e3 40. Ra8 d5 41. Rd8 c6 42. Rd6 d4 43. Ke1 Rxc2 44. Rxd4 e2 45. Re4 Bg7 46. Rxe2 Rxe2+ 47. Kxe2 Kg6 48. Kd3 c5 49. Kc4 Bf8 50. Kb5 Kf5 51. Ka4 Ke4 52. a3 bxa3 53. Kxa3 Kd3 54. Kb2 Be7 55. Ka3 Kc3 56. Ka4 Kb2 57. b4 cxb4 58. Kb5 b3 59. Kc4 Ka2 60. Kd4 b2 61. Ke4 b1=Q+ 62. Ke5 Qd3 63. Ke6 Qd4 64. Kf5 Qe3 65. Kg6 Qf4 66. Kg7 Qf5 67. Kg8 Qf6 68. Kh7 Qg5 69. Kh8 Bf6+ 70. Kh7 Qg7# 0-1

[Event "NAYCC U10 w"]
[Site "Toronto CAN"]
[Date "2013.08.18"]
[Round "9"]
[White "Bhanji, Zaynah"]
[Black "Kao, Simona"]
[Result "0-1"]
[WhiteElo "200"]
[BlackElo "1085"]
[PlyCount "114"]
[GameId "2160767909267227"]
[EventDate "2013.08.14"]
[EventType "swiss"]
[EventRounds "9"]
[EventCountry "CAN"]
[SourceTitle "hb 2013"]

1. e4 e5 2. Nf3 Nc6 3. Bc4 Nf6 4. d3 Be7 5. Nc3 d6 6. h3 h6 7. O-O O-O 8. Be3 Bd7 9. Nd5 Nxd5 10. Bxd5 Qc8 11. Bxc6 bxc6 12. d4 Be6 13. dxe5 dxe5 14. Nxe5 Rd8 15. Qf3 c5 16. Nc6 Rd7 17. Nxe7+ Rxe7 18. Rad1 Bxa2 19. Bxc5 Rd7 20. Rxd7 Qxd7 21. Be3 Qb5 22. b3 Qc6 23. Ra1 Qxc2 24. Rc1 Qxb3 25. Rxc7 a5 26. Qg3 Qd1+ 27. Kh2 Qh5 28. Rc5 Qg6 29. Rf5 Qxg3+ 30. fxg3 a4 31. Rf2 Bb1 32. Bd4 Bxe4 33. Rf4 Bg6 34. Rf1 a3 35. Re1 a2 36. Rc1 Bb1 37. Rc5 a1=Q 38. Bxa1 Rxa1 39. Rc8+ Kh7 40. Rc1 g5 41. h4 gxh4 42. gxh4 h5 43. Kh3 Bf5+ 44. Kg3 Rxc1 45. Kf4 Bd3 46. g4 hxg4 47. Kxg4 f5+ 48. Kg5 Rf1 49. h5 f4 50. Kg4 f3 51. Kg3 f2 52. Kf3 Kh6 53. Ke3 Kxh5 54. Kxd3 Rh1 55. Ke4 f1=Q 56. Kd5 Qd3+ 57. Ke5 Re1+ 0-1

[Event "NAYCC U10 w"]
[Site "Toronto CAN"]
[Date "2013.08.18"]
[Round "9"]
[White "Chen, Carol"]
[Black "Henry, Nadia"]
[Result "0-1"]
[WhiteElo "1118"]
[BlackElo "1009"]
[PlyCount "92"]
[GameId "2160767909267228"]
[EventDate "2013.08.14"]
[EventType "swiss"]
[EventRounds "9"]
[EventCountry "CAN"]
[SourceTitle "hb 2013"]

1. d4 Nf6 2. e3 e6 3. Bd3 d5 4. f4 Bd6 5. Nf3 O-O 6. Nbd2 c5 7. c3 Nc6 8. O-O Re8 9. Ne5 cxd4 10. exd4 Qe7 11. g4 Nd7 12. g5 g6 13. Qe1 f6 14. Nxd7 Bxd7 15. h4 Rf8 16. Qe3 fxg5 17. fxg5 Rf7 18. Rxf7 Qxf7 19. Qf3 Rf8 20. Qxf7+ Rxf7 21. Nf1 e5 22. Be3 exd4 23. cxd4 Bf4 24. Bf2 h6 25. gxh6 Bxh6 26. Bxg6 Rf4 27. Ne3 Rxd4 28. Ng2 Rg4 29. Bh5 Rg7 30. Bf3 d4 31. Bd5+ Kf8 32. Rf1 Ke8 33. Kh1 Bh3 34. Rg1 d3 35. Bxc6+ bxc6 36. Ne3 Rxg1+ 37. Kxg1 d2 38. Nd1 Bg4 39. Kf1 Bxd1 40. Bxa7 Bh5 41. Kg2 d1=Q 42. Kh3 Qf3+ 43. Kh2 Bf4+ 44. Kg1 Bg4 45. Bf2 Bh3 46. b3 Qg2# 0-1